00321nam a2200121Ia 4500008004100000020001300041050001500054100002200069245004100091260003000132300002400162650001300186150202s9999 xx 000 0 und d a99717409 aFIC bFIC  aBurgess, Anthony. 4aThe devils mode /cAnthony Burgess. aLondon :bVintage,c1989. a302 pages :c21 cm. aFiction.